[Event "LIX C.to Italiano"]
[Site "Saint Vincent - Chatillon ITA"]
[Date "1999.11.13"]
[Round "1"]
[White "Aldrovandi, Costantino"]
[Black "Efimov, Igor"]
[Result "0-1"]
[WhiteElo "2350"]
[BlackElo "2445"]
[PlyCount "132"]
[EventDate "1999.11.13"]

1. e4 g6 2. d4 Bg7 3. Nc3 d6 4. f4 a6 5. Nf3 b5 6. Bd3 Bb7 7. O-O Nd7 8. e5 e6
9. a4 b4 10. Ne4 Bxe4 11. Bxe4 d5 12. Bd3 c5 13. b3 Ne7 14. Qe2 Qc8 15. g4 Nc6
16. Be3 Nxd4 17. Nxd4 cxd4 18. Bxd4 Bf8 19. f5 Bc5 20. Bxc5 Qxc5+ 21. Kg2 Qd4
22. fxe6 fxe6 23. Bxa6 Qxe5 24. Rae1 Qxe2+ 25. Bxe2 Ke7 26. Rf4 Rhc8 27. Bd1
Rab8 28. g5 Rf8 29. Rh4 Rf7 30. Rd4 Kd6 31. Rf1 Rxf1 32. Kxf1 e5 33. Rh4 Nf8
34. Ke1 e4 35. Rf4 Ne6 36. Rf6 Ke5 37. h4 Rb7 38. Kd2 Nd4 39. a5 Nf5 40. Bg4
Nxh4 41. a6 Rb5 42. c3 bxc3+ 43. Kxc3 h5 44. b4 Rb8 45. a7 Ra8 46. Re6+ Kf4 47.
Re7 hxg4 48. b5 g3 49. b6 Ke3 50. b7 Rxa7 51. b8=Q Rxe7 52. Qxg3+ Nf3 53. Qd6
Re5 54. Qxg6 d4+ 55. Kc2 Rxg5 56. Qh6 Ke2 57. Qc6 d3+ 58. Kc3 e3 59. Qc4 Kf2
60. Qa6 d2 61. Qa1 Rg1 62. Qa2 Rc1+ 63. Kd3 e2 64. Qa7+ Kf1 65. Ke3 e1=Q+ 66.
Kxf3 Qe2+ 0-1

[Event "LIX C.to Italiano"]
[Site "Saint Vincent - Chatillon ITA"]
[Date "1999.11.13"]
[Round "1"]
[White "Bellini, Fabio"]
[Black "Rossi, Carlo"]
[Result "1-0"]
[WhiteElo "2418"]
[BlackElo "2361"]
[PlyCount "61"]
[EventDate "1999.11.13"]

1. e4 Nf6 2. e5 Ng8 3. d4 d5 4. Bd3 c5 5. dxc5 Nc6 6. Bf4 Qa5+ 7. c3 Qxc5 8.
Nf3 Bg4 9. Nbd2 e6 10. O-O Nge7 11. Re1 Ng6 12. Bg3 Be7 13. Rc1 Qb6 14. b4 O-O
15. h3 Bh5 16. Qc2 Rac8 17. Qb1 f6 18. exf6 Rxf6 19. Re3 a6 20. a3 e5 21. c4 e4
22. cxd5 exf3 23. dxc6 fxg2 24. c7 Nf4 25. Bf5 Rxc7 26. Bxf4 Rxc1+ 27. Qxc1
Rxf5 28. Qc4+ Bf7 29. Qc8+ Qd8 30. Qxf5 Qxd2 31. Qxf7+ 1-0

[Event "LIX C.to Italiano"]
[Site "Saint Vincent - Chatillon ITA"]
[Date "1999.11.13"]
[Round "1"]
[White "Belotti, Bruno"]
[Black "Costantini, Roberto"]
[Result "1/2-1/2"]
[WhiteElo "2423"]
[BlackElo "2196"]
[PlyCount "65"]
[EventDate "1999.11.13"]

1. Nf3 Nf6 2. d4 d5 3. g3 e6 4. Bg2 Be7 5. O-O O-O 6. c4 dxc4 7. Qc2 a6 8. a4
Bd7 9. Qxc4 Bc6 10. Bg5 Bd5 11. Qc2 Be4 12. Qd1 c5 13. Nbd2 Bc6 14. dxc5 Bxc5
15. Qc2 Be7 16. e4 Nbd7 17. Nd4 Rc8 18. Nxc6 Rxc6 19. Qd1 e5 20. Nb1 h6 21. Bd2
Bc5 22. Nc3 Bd4 23. Nd5 Nc5 24. Bb4 a5 25. Ba3 Re8 26. Qe2 Nxd5 27. exd5 Rf6
28. Rad1 Qd7 29. Bxc5 Bxc5 30. b3 Bd4 31. Rc1 Rc8 32. Rc4 Qd8 33. Be4 1/2-1/2

[Event "LIX C.to Italiano"]
[Site "Saint Vincent - Chatillon ITA"]
[Date "1999.11.13"]
[Round "1"]
[White "Mantovani, Renzo"]
[Black "Godena, Michele"]
[Result "1-0"]
[WhiteElo "2419"]
[BlackElo "2490"]
[PlyCount "103"]
[EventDate "1999.11.13"]

1. Nf3 d5 2. d4 Nc6 3. Bf4 Bg4 4. Nbd2 e6 5. h3 Bh5 6. c3 Bd6 7. e3 Nge7 8. Be2
O-O 9. O-O f6 10. Bxd6 cxd6 11. e4 dxe4 12. Nxe4 Bf7 13. Re1 Kh8 14. Bf1 e5 15.
dxe5 dxe5 16. Qa4 Qc7 17. Rad1 Rad8 18. a3 Nd5 19. Qc2 Bh5 20. g4 Bg6 21. Qc1
Nce7 22. Nh4 Bxe4 23. Rxe4 Nf4 24. Rc4 Qb6 25. Rxd8 Rxd8 26. Qe3 Qd6 27. Qxa7
Qd1 28. Rxf4 exf4 29. Qxb7 Qd6 30. Qe4 Qe5 31. Qxe5 fxe5 32. Nf3 Ng6 33. a4 Rd1
34. a5 e4 35. Nd4 Nh4 36. a6 e3 37. fxe3 fxe3 38. b4 Nf3+ 39. Kg2 Nxd4 40. cxd4
Rd2+ 41. Kf3 Rf2+ 42. Kxe3 Rxf1 43. b5 Ra1 44. Kd3 Kg8 45. Kc4 Kf7 46. Kc5 Ke6
47. Kc6 g5 48. Kb7 Kd5 49. b6 Kxd4 50. Ka7 Re1 51. b7 Re7 52. Ka8 1-0

[Event "LIX C.to Italiano"]
[Site "Saint Vincent - Chatillon ITA"]
[Date "1999.11.13"]
[Round "1"]
[White "Sarno, Spartaco"]
[Black "Arlandi, Ennio"]
[Result "1-0"]
[WhiteElo "2373"]
[BlackElo "2465"]
[PlyCount "77"]
[EventDate "1999.11.13"]

1. c4 e5 2. Nc3 Nc6 3. g3 g6 4. Bg2 Bg7 5. e3 d6 6. Nge2 f5 7. O-O Nf6 8. d3
O-O 9. Rb1 g5 10. f4 h6 11. b4 a6 12. a4 Kh8 13. b5 axb5 14. axb5 Ne7 15. Bb2
Ng6 16. Qd2 Qe7 17. Rbe1 Rb8 18. e4 gxf4 19. exf5 Bxf5 20. Nxf4 Qd7 21. Nxg6+
Bxg6 22. d4 exd4 23. Ne2 d5 24. Nf4 Bf7 25. cxd5 Qxb5 26. Bxd4 Rbe8 27. Rxe8
Qxe8 28. Qb2 Qd8 29. Qxb7 Kg8 30. Qb2 Ne8 31. Bxg7 Nxg7 32. Qc2 Re8 33. Be4 Qd6
34. Rf2 Re5 35. Kg2 Nh5 36. Ne6 Bxe6 37. dxe6 Rxe6 38. Rd2 Qe5 39. Bd5 1-0

[Event "LIX C.to Italiano"]
[Site "Saint Vincent - Chatillon ITA"]
[Date "1999.11.14"]
[Round "2"]
[White "Aldrovandi, Costantino"]
[Black "Mantovani, Renzo"]
[Result "0-1"]
[WhiteElo "2350"]
[BlackElo "2419"]
[PlyCount "76"]
[EventDate "1999.11.13"]

1. e4 e5 2. Nf3 Nc6 3. Bb5 Nf6 4. O-O Nxe4 5. d4 Nd6 6. Bxc6 dxc6 7. dxe5 Nf5
8. Qxd8+ Kxd8 9. Nc3 Ke8 10. Rd1 a5 11. h3 a4 12. a3 Be6 13. g4 Ne7 14. Nd4 Nd5
15. Nxe6 fxe6 16. Ne4 Be7 17. Kg2 h5 18. Bd2 Kf7 19. Rac1 hxg4 20. hxg4 Rh4 21.
c4 Nb6 22. Kf3 Rh3+ 23. Ke2 Rd8 24. Bb4 Rxd1 25. Rxd1 Rb3 26. Bc3 Nxc4 27. Rd7
Ke8 28. Rd4 Nxb2 29. f4 c5 30. Rd2 Nc4 31. Rc2 Nxa3 32. Rc1 Rb1 33. Rxb1 Nxb1
34. Ba1 g6 35. Kd3 b5 36. Ng5 c4+ 37. Kc2 Na3+ 38. Kc1 b4 0-1

[Event "LIX C.to Italiano"]
[Site "Saint Vincent - Chatillon ITA"]
[Date "1999.11.14"]
[Round "2"]
[White "Arlandi, Ennio"]
[Black "Bellini, Fabio"]
[Result "1/2-1/2"]
[WhiteElo "2465"]
[BlackElo "2418"]
[PlyCount "87"]
[EventDate "1999.11.13"]

1. d4 d5 2. c4 e6 3. Nc3 c6 4. e3 f5 5. f4 Qh4+ 6. g3 Qd8 7. Nf3 Nf6 8. Bd2 Be7
9. Qc2 O-O 10. h3 Ne4 11. Nxe4 fxe4 12. Ne5 Nd7 13. Nxd7 Bxd7 14. Be2 b6 15.
O-O e5 16. dxe5 Bxh3 17. Rfd1 Qe8 18. Be1 Rd8 19. cxd5 cxd5 20. b4 Qg6 21. Rd4
Be6 22. Qd1 Qh6 23. Bg4 g5 24. Bxe6+ Qxe6 25. Qh5 Rd7 26. Rc1 Bd8 27. b5 gxf4
28. Rc6 Qe8 29. Qxe8 Rxe8 30. e6 Rc7 31. Rxc7 Bxc7 32. gxf4 Rxe6 33. Rxd5 Rd6
34. Rg5+ Kf7 35. Kf2 Rg6 36. Rh5 h6 37. Bc3 Rd6 38. Bd4 Kg6 39. Rh4 Rd5 40. a4
h5 41. Kg2 Bd6 42. f5+ Rxf5 43. Rxe4 Kf7 44. Bc3 1/2-1/2

[Event "LIX C.to Italiano"]
[Site "Saint Vincent - Chatillon ITA"]
[Date "1999.11.14"]
[Round "2"]
[White "Costantini, Roberto"]
[Black "Sarno, Spartaco"]
[Result "1/2-1/2"]
[WhiteElo "2196"]
[BlackElo "2373"]
[PlyCount "61"]
[EventDate "1999.11.13"]

1. e4 d6 2. d4 g6 3. Nc3 Bg7 4. Be3 Nf6 5. Qd2 O-O 6. Nf3 b6 7. h3 Bb7 8. Bd3
c5 9. Bh6 c4 10. Bxg7 Kxg7 11. Bxc4 Bxe4 12. Nxe4 Nxe4 13. Qe2 d5 14. Bd3 Nf6
15. O-O Nc6 16. c3 e6 17. Ne5 Ne7 18. Rae1 Nf5 19. Ng4 h5 20. Bxf5 exf5 21.
Nxf6 Qxf6 22. Qf3 Rad8 23. Re5 Qd6 24. Rfe1 Rd7 25. R1e3 Rfd8 26. Qe2 Qf6 27.
Re8 Rxe8 28. Rxe8 Rd6 29. Re5 Re6 30. f4 Kf8 31. Rxe6 1/2-1/2

[Event "LIX C.to Italiano"]
[Site "Saint Vincent - Chatillon ITA"]
[Date "1999.11.14"]
[Round "2"]
[White "Efimov, Igor"]
[Black "Rossi, Carlo"]
[Result "1-0"]
[WhiteElo "2445"]
[BlackElo "2361"]
[PlyCount "67"]
[EventDate "1999.11.13"]

1. d4 Nf6 2. Nf3 c5 3. d5 c4 4. Nc3 Qa5 5. Bd2 b5 6. a3 Qb6 7. e4 e6 8. Be2 Bc5
9. O-O exd5 10. exd5 O-O 11. b4 cxb3 12. cxb3 a6 13. b4 Bd6 14. Be3 Qd8 15. Qd4
Re8 16. Rac1 Bf8 17. a4 Bb7 18. Bd3 bxa4 19. Ne5 a3 20. Rfe1 a5 21. b5 Rxe5 22.
Qxe5 d6 23. Qd4 Nbd7 24. Ra1 g6 25. Rxa3 Bg7 26. Qh4 Qc7 27. Bd4 Ne5 28. b6 Qb8
29. Bb5 Qf8 30. f4 Nxd5 31. Nxd5 Bxd5 32. fxe5 dxe5 33. Rh3 Qb4 34. Rxe5 1-0

[Event "LIX C.to Italiano"]
[Site "Saint Vincent - Chatillon ITA"]
[Date "1999.11.14"]
[Round "2"]
[White "Godena, Michele"]
[Black "Belotti, Bruno"]
[Result "1-0"]
[WhiteElo "2490"]
[BlackElo "2423"]
[PlyCount "67"]
[EventDate "1999.11.13"]

1. e4 c5 2. c3 Nf6 3. e5 Nd5 4. Nf3 e6 5. Bc4 d6 6. d4 cxd4 7. cxd4 Be7 8. Qe2
O-O 9. O-O Nc6 10. Qe4 Bd7 11. Rd1 Rc8 12. Bb3 Kh8 13. Nc3 f5 14. exf6 Nxf6 15.
Qe2 d5 16. Ne5 Nxe5 17. dxe5 Ng8 18. Be3 Bc5 19. Bxc5 Rxc5 20. Qe3 b6 21. Bc2
Nh6 22. Rd4 Qe7 23. Rad1 Be8 24. Qg3 b5 25. Bd3 a5 26. a3 Rxc3 27. bxc3 Qxa3
28. Rf4 a4 29. Rxf8+ Qxf8 30. Qh4 Bd7 31. Rb1 Qe8 32. Qb4 Qc8 33. h3 g6 34.
Bxb5 1-0

[Event "LIX C.to Italiano"]
[Site "Saint Vincent - Chatillon ITA"]
[Date "1999.11.15"]
[Round "3"]
[White "Bellini, Fabio"]
[Black "Costantini, Roberto"]
[Result "1-0"]
[WhiteElo "2418"]
[BlackElo "2196"]
[PlyCount "59"]
[EventDate "1999.11.13"]

1. e4 c5 2. Nf3 d6 3. Bb5+ Nd7 4. O-O Ngf6 5. Re1 a6 6. Bf1 b6 7. d4 cxd4 8.
Nxd4 Bb7 9. f3 e6 10. c4 Be7 11. Nc3 O-O 12. Be3 Qc7 13. Rc1 Rac8 14. Kh1 Qb8
15. Bg1 Rfe8 16. Na4 Bf8 17. Qd2 d5 18. e5 Nxe5 19. Nxb6 Rcd8 20. c5 Nc4 21.
Nxc4 dxc4 22. Qa5 e5 23. c6 Rd5 24. Qb6 Ba8 25. Qxb8 Rxb8 26. c7 Rc8 27. Bxc4
exd4 28. Bxa6 Rxc7 29. Rxc7 Rd8 30. Rc8 1-0

[Event "LIX C.to Italiano"]
[Site "Saint Vincent - Chatillon ITA"]
[Date "1999.11.15"]
[Round "3"]
[White "Belotti, Bruno"]
[Black "Aldrovandi, Costantino"]
[Result "1-0"]
[WhiteElo "2423"]
[BlackElo "2350"]
[PlyCount "87"]
[EventDate "1999.11.13"]

1. e4 c5 2. Nf3 d6 3. d4 cxd4 4. Nxd4 Nf6 5. Nc3 g6 6. Be2 Bg7 7. O-O O-O 8.
Bg5 Nc6 9. Nb3 Be6 10. Kh1 Rc8 11. f4 a6 12. Bf3 Qc7 13. Nd5 Bxd5 14. exd5 Na5
15. Nxa5 Qxa5 16. c3 Rc4 17. Re1 Re8 18. Qd2 Qc7 19. Bh4 b5 20. a3 Rc8 21. Bf2
Bh6 22. Bd4 Qb7 23. Re2 R4c7 24. Rae1 Bf8 25. f5 a5 26. fxg6 hxg6 27. h4 Kh7
28. h5 Bh6 29. hxg6+ fxg6 30. Qd3 Bg5 31. Re6 Kg7 32. Kg1 Rh8 33. R1e4 Rh4 34.
Rxh4 Bxh4 35. Qe4 Bg5 36. Qg4 Bh6 37. Be4 Be3+ 38. Kh2 Bxd4 39. Qxg6+ Kf8 40.
cxd4 Qa7 41. Qh6+ Kg8 42. Bh7+ Kh8 43. Bf5+ Kg8 44. Re3 1-0

[Event "LIX C.to Italiano"]
[Site "Saint Vincent - Chatillon ITA"]
[Date "1999.11.15"]
[Round "3"]
[White "Mantovani, Renzo"]
[Black "Efimov, Igor"]
[Result "1/2-1/2"]
[WhiteElo "2419"]
[BlackElo "2445"]
[PlyCount "26"]
[EventDate "1999.11.13"]

1. Nf3 Nf6 2. d4 d6 3. c3 g6 4. Bg5 Bg7 5. Nbd2 O-O 6. e4 b6 7. Bc4 Bb7 8. Qe2
h6 9. Bh4 Nh5 10. O-O c5 11. Rfe1 a6 12. Qe3 Qc7 13. Bf1 Nd7 1/2-1/2

[Event "LIX C.to Italiano"]
[Site "Saint Vincent - Chatillon ITA"]
[Date "1999.11.15"]
[Round "3"]
[White "Rossi, Carlo"]
[Black "Arlandi, Ennio"]
[Result "1/2-1/2"]
[WhiteElo "2361"]
[BlackElo "2465"]
[PlyCount "55"]
[EventDate "1999.11.13"]

1. e4 c5 2. Nf3 e6 3. d3 d5 4. Nbd2 Nc6 5. c3 Nf6 6. a3 Qc7 7. b4 a6 8. Be2 b6
9. O-O Be7 10. Re1 O-O 11. Bf1 dxe4 12. dxe4 Rd8 13. Qc2 e5 14. b5 axb5 15.
Bxb5 Na5 16. Nc4 Nxc4 17. Bxc4 h6 18. Qb3 Bd6 19. Nh4 Bb7 20. Nf5 Bxe4 21. Rxe4
Nxe4 22. Qc2 Ng5 23. Nxh6+ gxh6 24. Qg6+ Kh8 25. Qf6+ Kg8 26. Qg6+ Kh8 27. Qf6+
Kg8 28. Qg6+ 1/2-1/2

[Event "LIX C.to Italiano"]
[Site "Saint Vincent - Chatillon ITA"]
[Date "1999.11.15"]
[Round "3"]
[White "Sarno, Spartaco"]
[Black "Godena, Michele"]
[Result "0-1"]
[WhiteElo "2373"]
[BlackElo "2490"]
[PlyCount "74"]
[EventDate "1999.11.13"]

1. c4 e5 2. Nc3 Bb4 3. Nd5 Bc5 4. e3 Nf6 5. Nf3 c6 6. d4 exd4 7. exd4 cxd5 8.
dxc5 Qa5+ 9. Bd2 Qxc5 10. cxd5 O-O 11. Be2 Qxd5 12. O-O Nc6 13. Re1 d6 14. Bg5
Qxd1 15. Raxd1 Be6 16. Bxf6 gxf6 17. Rxd6 Bxa2 18. Rxf6 Rfe8 19. Bf1 Rxe1 20.
Nxe1 Rd8 21. Rf3 Rd2 22. Ra3 Rxb2 23. Nd3 Rc2 24. Ne1 Rd2 25. h4 Be6 26. Nd3
Bc4 27. f3 b5 28. Rc3 Nd4 29. Nf2 Bxf1 30. Kxf1 b4 31. Rc8+ Kg7 32. Ne4 Ra2 33.
Rb8 a5 34. Rb7 b3 35. Kg1 a4 36. Nd6 Nxf3+ 37. gxf3 b2 0-1

[Event "LIX C.to Italiano"]
[Site "Saint Vincent - Chatillon ITA"]
[Date "1999.11.16"]
[Round "4"]
[White "Aldrovandi, Costantino"]
[Black "Sarno, Spartaco"]
[Result "0-1"]
[WhiteElo "2350"]
[BlackElo "2373"]
[PlyCount "40"]
[EventDate "1999.11.13"]

1. e4 d6 2. d4 Nf6 3. Nc3 g6 4. f4 Bg7 5. Nf3 O-O 6. e5 Nfd7 7. h4 c5 8. h5
cxd4 9. hxg6 dxc3 10. Rxh7 Nxe5 11. Nxe5 fxg6 12. Nxg6 Kxh7 13. Qh5+ Kg8 14.
Bd3 Rf6 15. Be3 cxb2 16. Rb1 Nc6 17. Ke2 Nb4 18. Bc4+ d5 19. Bb3 Qe8 20. Bxd5+
Nxd5 0-1

[Event "LIX C.to Italiano"]
[Site "Saint Vincent - Chatillon ITA"]
[Date "1999.11.16"]
[Round "4"]
[White "Costantini, Roberto"]
[Black "Rossi, Carlo"]
[Result "0-1"]
[WhiteElo "2196"]
[BlackElo "2361"]
[PlyCount "62"]
[EventDate "1999.11.13"]

1. e4 c5 2. Nf3 Nf6 3. Nc3 Nc6 4. d4 d5 5. exd5 Nxd5 6. Nxd5 Qxd5 7. Be3 cxd4
8. Nxd4 a6 9. Be2 e5 10. Nxc6 Qxc6 11. O-O Be6 12. Bf3 e4 13. Be2 Rd8 14. Qc1
Bd6 15. c3 Qc7 16. h3 O-O 17. f4 f5 18. b3 Bc5 19. g3 Qb6 20. Kf2 Rc8 21. c4
Rfd8 22. Bxc5 Qxc5+ 23. Qe3 Qa3 24. Rfc1 Rd7 25. Rc2 Rcd8 26. Rb1 Qb4 27. Rbb2
Rd4 28. c5 Rd3 29. Bxd3 Rxd3 30. Qc1 Qd4+ 31. Ke2 Rxg3 0-1

[Event "LIX C.to Italiano"]
[Site "Saint Vincent - Chatillon ITA"]
[Date "1999.11.16"]
[Round "4"]
[White "Efimov, Igor"]
[Black "Arlandi, Ennio"]
[Result "0-1"]
[WhiteElo "2445"]
[BlackElo "2465"]
[PlyCount "92"]
[EventDate "1999.11.13"]

1. e4 c5 2. Nf3 e6 3. Nc3 d6 4. d4 cxd4 5. Qxd4 Nc6 6. Bb5 Bd7 7. Bxc6 Bxc6 8.
Bg5 Nf6 9. O-O-O Be7 10. Rhe1 O-O 11. Qd2 Rc8 12. Nd4 a6 13. f3 Qc7 14. Kb1
Rfd8 15. h4 h6 16. Be3 Nd7 17. g4 Ne5 18. g5 h5 19. f4 Nc4 20. Qe2 Bd7 21. Bc1
g6 22. f5 b5 23. Rf1 b4 24. Qf3 Ne5 25. Nd5 Nxf3 26. Nxe7+ Kf8 27. Nxg6+ fxg6
28. fxe6 Ke7 29. Rxf3 Bxe6 30. Rf6 Bf7 31. Bf4 Qc5 32. Rd2 Rd7 33. Be3 Qc4 34.
b3 Qc3 35. Rd3 Qe1+ 36. Kb2 Qxh4 37. Bd2 Ke8 38. Nf3 Qg4 39. Bxb4 Qxe4 40. Bd2
Kf8 41. Bf4 Kg8 42. Nd2 Qg2 43. Bxd6 Qxg5 44. Ne4 Qg2 45. Nc3 h4 46. Rf4 h3 0-1

[Event "LIX C.to Italiano"]
[Site "Saint Vincent - Chatillon ITA"]
[Date "1999.11.16"]
[Round "4"]
[White "Godena, Michele"]
[Black "Bellini, Fabio"]
[Result "1/2-1/2"]
[WhiteElo "2490"]
[BlackElo "2418"]
[PlyCount "102"]
[EventDate "1999.11.13"]

1. e4 c6 2. d4 d5 3. e5 Bf5 4. c3 e6 5. Be3 Nd7 6. Nd2 Ne7 7. f4 Rc8 8. Ngf3
Bg4 9. h3 Bxf3 10. Nxf3 c5 11. Bd3 cxd4 12. cxd4 Nf5 13. Bf2 h5 14. O-O h4 15.
Bxf5 exf5 16. Qd3 Be7 17. Qxf5 g6 18. Qd3 Nf8 19. Rac1 Rxc1 20. Rxc1 Qd7 21.
Qc2 Ne6 22. f5 gxf5 23. Qxf5 Bd8 24. Qg4 Ng5 25. Nxg5 Qxg4 26. hxg4 Bxg5 27.
Rc7 Rh6 28. Rxb7 Rc6 29. Rb3 Rc1+ 30. Kh2 Rc2 31. Kg1 Rc1+ 32. Kh2 Rc2 33. Be3
Bxe3 34. Rxe3 Rxb2 35. Ra3 Rd2 36. Ra4 Rd3 37. g5 Ke7 38. Rxa7+ Ke6 39. Ra6+
Kf5 40. Rf6+ Kxg5 41. Rxf7 Rxd4 42. e6 Re4 43. Rd7 Rxe6 44. Rxd5+ Kg4 45. a4
Re1 46. Rd8 Ra1 47. Rg8+ Kh5 48. Ra8 Kg5 49. a5 Ra3 50. a6 Kg6 51. Ra7 Kh6
1/2-1/2

[Event "LIX C.to Italiano"]
[Site "Saint Vincent - Chatillon ITA"]
[Date "1999.11.16"]
[Round "4"]
[White "Mantovani, Renzo"]
[Black "Belotti, Bruno"]
[Result "1/2-1/2"]
[WhiteElo "2419"]
[BlackElo "2423"]
[PlyCount "25"]
[EventDate "1999.11.13"]

1. Nf3 Nf6 2. g3 g6 3. Bg2 Bg7 4. O-O O-O 5. c4 d6 6. Nc3 e5 7. d3 Nc6 8. Rb1
a5 9. a3 h6 10. b4 axb4 11. axb4 Be6 12. b5 Ne7 13. Bd2 1/2-1/2

[Event "LIX C.to Italiano"]
[Site "Saint Vincent - Chatillon ITA"]
[Date "1999.11.17"]
[Round "5"]
[White "Arlandi, Ennio"]
[Black "Costantini, Roberto"]
[Result "1/2-1/2"]
[WhiteElo "2465"]
[BlackElo "2196"]
[PlyCount "123"]
[EventDate "1999.11.13"]

1. d4 Nf6 2. c4 c5 3. d5 b5 4. cxb5 a6 5. bxa6 g6 6. Nc3 Bxa6 7. e4 Bxf1 8.
Kxf1 d6 9. g3 Bg7 10. Kg2 O-O 11. Nf3 Nbd7 12. Re1 Ra6 13. h3 Qa8 14. Bf4 Nb6
15. Qc2 Qb7 16. Rad1 Nc4 17. Re2 Nd7 18. Qc1 Rb8 19. b3 Qb4 20. bxc4 Qxc3 21.
Qxc3 Bxc3 22. Rd3 Bg7 23. e5 dxe5 24. Bxe5 Nxe5 25. Nxe5 Bxe5 26. Rxe5 Kf8 27.
Rb3 Rxb3 28. axb3 Ra3 29. Re3 Ke8 30. g4 h6 31. h4 Kd7 32. Rf3 Ke8 33. Kg3 Ra1
34. Re3 Kd7 35. Kg2 Rb1 36. Rh3 Rb2 37. h5 g5 38. Re3 Rb1 39. Kf3 Rb2 40. Kg2
Rb1 41. Kg3 Rg1+ 42. Kf3 Rf1 43. Ke2 Rg1 44. f3 Rb1 45. Kd2 Kd6 46. Kc2 Rf1 47.
Kb2 Rg1 48. Kc3 Rc1+ 49. Kd3 Rd1+ 50. Ke2 Rb1 51. Kf2 Rb2+ 52. Kg3 Rb1 53. Kh3
Rh1+ 54. Kg2 Rb1 55. f4 gxf4 56. Re4 Rxb3 57. Rxf4 Rc3 58. Rxf7 Rxc4 59. Kf3
Kxd5 60. Rxe7 Ra4 61. Rd7+ Ke5 62. Rc7 1/2-1/2

[Event "LIX C.to Italiano"]
[Site "Saint Vincent - Chatillon ITA"]
[Date "1999.11.17"]
[Round "5"]
[White "Belotti, Bruno"]
[Black "Efimov, Igor"]
[Result "1-0"]
[WhiteElo "2423"]
[BlackElo "2445"]
[PlyCount "79"]
[EventDate "1999.11.13"]

1. e4 e6 2. d4 d5 3. Nc3 Bb4 4. e5 c5 5. a3 Bxc3+ 6. bxc3 Ne7 7. Nf3 Qa5 8. Bd2
Qa4 9. Qb1 O-O 10. Bb5 Qa5 11. Be2 Qc7 12. a4 Nbc6 13. O-O Bd7 14. Re1 b6 15.
Bd3 f6 16. exf6 Rxf6 17. Bg5 Rxf3 18. gxf3 Rf8 19. Qd1 c4 20. Bf1 Ng6 21. Bh3
h6 22. Bxe6+ Kh7 23. f4 Qd6 24. Qg4 Nxf4 25. Bxd7 hxg5 26. Re3 Nb8 27. Be6 Rf6
28. Rae1 Nc6 29. Bf5+ Kg8 30. Re8+ Kf7 31. Bd7 Nb8 32. Rd8 Qc7 33. Be8+ Kg8 34.
Rc8 Qd6 35. Bg6+ Rf8 36. Rxf8+ Qxf8 37. Re8 Nxg6 38. Qe6+ Kh7 39. Qh3+ Kg8 40.
Qc8 1-0

[Event "LIX C.to Italiano"]
[Site "Saint Vincent - Chatillon ITA"]
[Date "1999.11.17"]
[Round "5"]
[White "Rossi, Carlo"]
[Black "Godena, Michele"]
[Result "0-1"]
[WhiteElo "2361"]
[BlackElo "2490"]
[PlyCount "82"]
[EventDate "1999.11.13"]

1. b3 e5 2. Bb2 d6 3. g3 Nc6 4. Bg2 g6 5. f4 Nge7 6. b4 Nxb4 7. fxe5 Bg7 8. Bc3
Ned5 9. e6 Nxc3 10. exf7+ Kxf7 11. Nxc3 Re8 12. Rb1 Bxc3 13. dxc3 Nc6 14. Nf3
Kg7 15. O-O Qe7 16. Nd4 Qe3+ 17. Kh1 Ne5 18. Nb5 Re7 19. Rb4 Bf5 20. Rbf4 Rae8
21. Rxf5 gxf5 22. Nd4 Rf8 23. Nxf5+ Rxf5 24. Rxf5 Ng4 25. Qg1 Qxg1+ 26. Kxg1
Ne3 27. Rb5 c6 28. Rb4 Nxg2 29. Kxg2 Rxe2+ 30. Kf3 Rxh2 31. Rxb7+ Kf6 32. Rxa7
Rxc2 33. Ra3 Ke5 34. Ke3 h5 35. Ra5+ d5 36. Ra3 c5 37. Kf3 c4 38. Ke3 Rg2 39.
Kf3 Rd2 40. Ke3 Rd3+ 41. Kf2 Ke4 0-1

[Event "LIX C.to Italiano"]
[Site "Saint Vincent - Chatillon ITA"]
[Date "1999.11.17"]
[Round "5"]
[White "Sarno, Spartaco"]
[Black "Mantovani, Renzo"]
[Result "1/2-1/2"]
[WhiteElo "2373"]
[BlackElo "2419"]
[PlyCount "35"]
[EventDate "1999.11.13"]

1. e4 e5 2. Nf3 Nc6 3. Nc3 Nf6 4. g3 d5 5. exd5 Nxd5 6. Bg2 Nxc3 7. bxc3 Bd6 8.
O-O O-O 9. Rb1 Rb8 10. d3 b6 11. Ng5 Bb7 12. Nxh7 Kxh7 13. Qh5+ Kg8 14. Be4 g6
15. Bxg6 fxg6 16. Qxg6+ Kh8 17. Qh6+ Kg8 18. Qg6+ 1/2-1/2

[Event "LIX C.to Italiano"]
[Site "Saint Vincent - Chatillon ITA"]
[Date "1999.11.18"]
[Round "6"]
[White "Belotti, Bruno"]
[Black "Sarno, Spartaco"]
[Result "1/2-1/2"]
[WhiteElo "2423"]
[BlackElo "2373"]
[PlyCount "24"]
[EventDate "1999.11.13"]

1. e4 c6 2. d4 d5 3. Nc3 dxe4 4. Nxe4 Nd7 5. Bc4 Ngf6 6. Ng5 e6 7. Qe2 Nb6 8.
Bd3 h6 9. N5f3 c5 10. dxc5 Bxc5 11. Ne5 Nbd7 12. Ngf3 Qc7 1/2-1/2

[Event "LIX C.to Italiano"]
[Site "Saint Vincent - Chatillon ITA"]
[Date "1999.11.18"]
[Round "6"]
[White "Efimov, Igor"]
[Black "Costantini, Roberto"]
[Result "1-0"]
[WhiteElo "2445"]
[BlackElo "2196"]
[PlyCount "79"]
[EventDate "1999.11.13"]

1. d4 d5 2. c4 e6 3. Nc3 Be7 4. Nf3 Nf6 5. Bg5 O-O 6. Qc2 Nbd7 7. e3 a6 8. cxd5
exd5 9. Bd3 Re8 10. O-O c6 11. h3 Nf8 12. Ne5 N6d7 13. Bf4 Nxe5 14. dxe5 g6 15.
Bh2 Ne6 16. Rad1 Nc5 17. Be2 Bf5 18. Qc1 Qb6 19. g4 Be6 20. Qc2 Rad8 21. Rd4 f6
22. b4 Nd7 23. Na4 Qa7 24. exf6 Bxf6 25. Rd2 Be7 26. a3 Rc8 27. Bd3 Bf7 28. e4
dxe4 29. Bc4 b5 30. Bxf7+ Kxf7 31. Nc3 c5 32. Nxe4 c4 33. Rfd1 Rcd8 34. Qc3 Nf8
35. Bd6 Bh4 36. Bc5 Qa8 37. Nd6+ Rxd6 38. Rxd6 Qe4 39. Rxa6 h5 40. Ra7+ 1-0

[Event "LIX C.to Italiano"]
[Site "Saint Vincent - Chatillon ITA"]
[Date "1999.11.18"]
[Round "6"]
[White "Godena, Michele"]
[Black "Arlandi, Ennio"]
[Result "1/2-1/2"]
[WhiteElo "2490"]
[BlackElo "2465"]
[PlyCount "53"]
[EventDate "1999.11.13"]

1. e4 c5 2. Nf3 e6 3. c3 d5 4. exd5 Qxd5 5. d4 Nf6 6. Be2 Nc6 7. O-O cxd4 8.
cxd4 Be7 9. Nc3 Qd6 10. Nb5 Qd8 11. Bf4 Nd5 12. Bg3 a6 13. Nc3 O-O 14. Rc1 Nf6
15. a3 b6 16. d5 exd5 17. Nxd5 Qxd5 18. Qxd5 Nxd5 19. Rxc6 Bb7 20. Rc2 Rac8 21.
Rfc1 Bf6 22. Ne5 Rxc2 23. Rxc2 Rc8 24. Rxc8+ Bxc8 25. Bc4 Bb7 26. a4 Bd8 27. f3
1/2-1/2

[Event "LIX C.to Italiano"]
[Site "Saint Vincent - Chatillon ITA"]
[Date "1999.11.18"]
[Round "6"]
[White "Mantovani, Renzo"]
[Black "Bellini, Fabio"]
[Result "1/2-1/2"]
[WhiteElo "2419"]
[BlackElo "2418"]
[PlyCount "22"]
[EventDate "1999.11.13"]

1. e4 e5 2. Nf3 Nc6 3. Bb5 Nf6 4. O-O Nxe4 5. d4 Nd6 6. Bxc6 dxc6 7. dxe5 Nf5
8. Qxd8+ Kxd8 9. Nc3 Ke8 10. h3 a5 11. Rd1 a4 1/2-1/2

[Event "LIX C.to Italiano"]
[Site "Saint Vincent - Chatillon ITA"]
[Date "1999.11.19"]
[Round "7"]
[White "Arlandi, Ennio"]
[Black "Aldrovandi, Costantino"]
[Result "0-1"]
[WhiteElo "2465"]
[BlackElo "2350"]
[PlyCount "76"]
[EventDate "1999.11.13"]

1. d4 Nf6 2. c4 g6 3. Nc3 Bg7 4. e4 d6 5. Nf3 O-O 6. Be2 e5 7. O-O Nc6 8. d5
Ne7 9. Ne1 Nd7 10. Nd3 f5 11. f3 f4 12. Bd2 Rf7 13. b4 Nf6 14. c5 h5 15. Rc1 g5
16. Nf2 Ng6 17. cxd6 cxd6 18. h3 Bf8 19. Nb5 a6 20. Na3 b5 21. Nb1 Nh4 22. a4
Rg7 23. axb5 axb5 24. Nc3 g4 25. fxg4 hxg4 26. hxg4 Qb6 27. Kh1 Bd7 28. Rc2 Be7
29. Be1 Kf7 30. Nh3 Nxg2 31. Bf2 Ne3 32. Bxe3 Qxe3 33. Rf3 Qb6 34. g5 Rh8 35.
gxf6 Bxf6 36. Rd3 f3 37. Rxf3 Bxh3 38. Rf2 Bg2+ 0-1

[Event "LIX C.to Italiano"]
[Site "Saint Vincent - Chatillon ITA"]
[Date "1999.11.19"]
[Round "7"]
[White "Bellini, Fabio"]
[Black "Belotti, Bruno"]
[Result "1/2-1/2"]
[WhiteElo "2418"]
[BlackElo "2423"]
[PlyCount "26"]
[EventDate "1999.11.13"]

1. e4 c6 2. d4 d5 3. Nd2 dxe4 4. Nxe4 Bf5 5. Ng3 Bg6 6. h4 h6 7. Nf3 Nd7 8. h5
Bh7 9. Bd3 Bxd3 10. Qxd3 Ngf6 11. Bd2 Qc7 12. O-O-O O-O-O 13. Qe2 e6 1/2-1/2